|
|
|
|
| LEADER |
00000cam a2200000 a 4500 |
| 001 |
1/124633 |
| 008 |
220404s1990####gr | ||| |||| ||gre|| |
| 020 |
|
|
|a 960210063Χ
|
| 040 |
|
|
|a GR-MyUa
|b gre
|c GR-MyUa
|e AACR2
|
| 041 |
0 |
|
|a gre
|
| 082 |
7 |
|
|a 344.01
|2 (23)
|
| 100 |
1 |
|
|a Τραυλός-Τζανετάτος, Δημήτρης Α.
|
| 245 |
1 |
3 |
|a Το εργατικό δίκαιο σε κρίσιμη καμπή /
|c Δημήτρης Τραυλός-Τζανετάτος.
|
| 260 |
|
|
|a Αθήνα :
|b Οδυσσέας,
|c c1990.
|
| 300 |
|
|
|a 157 σ. ;
|c 18 εκ.
|
| 504 |
|
|
|a Περιλαμβάνει βιβλιογραφικές παραπομπές.
|
| 650 |
|
0 |
|a Labor laws and legislation
|
| 852 |
|
|
|a INST
|b LESVOS
|e 20220404
|h 344.01 ΤΡΑ
|p 005100063601
|q 005100063601
|t BK
|y 0
|
| 970 |
|
|
|a Καμάτσου
|b Δέσποινα
|z 04-04-22
|